000 00327nam a22001337a 4500
008 170620b xxu||||| |||| 00| 0 eng d
020 _a978049567653
041 _aeng
080 _a327
100 _a20
101 _aSHP
245 _aINTERNATIONAL POLITICS POWER AND PURPOSE IN GLOBAL AFFAIRS
_cD'ANIERI,P
942 _2udc
_cBK
999 _c18227
_d18227